Daily Capital City Riddle #21 - Statistics

General Stats
  • This quiz has been taken 78 times
  • The average score is 30 of 37
Answer Stats
Type Answer % Correct
Alphabet Letter A
100%
Found Letter N
100%
Found Letter O
100%
Alphabet Letter B
98%
Found Letter E
98%
Alphabet Letter L
98%
Alphabet Letter S
98%
Found Letter T
98%
Alphabet Letter C
97%
Alphabet Letter D
97%
Alphabet Letter H
97%
Alphabet Letter I
97%
Found Letter R
97%
Found Letter G
95%
Alphabet Letter M
95%
Alphabet Letter K
94%
Alphabet Letter U
94%
Alphabet Letter P
91%
Found Letter W
91%
Correctly Placed Letter N
88%
Correctly Placed Letter E
85%
Alphabet Letter J
82%
Alphabet Letter V
78%
Alphabet Letter Y
75%
Correctly Placed Letter R
71%
Alphabet Letter X
66%
Alphabet Letter Z
66%
Correctly Placed Letter O
62%
Correctly Placed Letter E
57%
Alphabet Letter F
57%
Alphabet Letter Q
57%
Correctly Placed Letter T
57%
Correctly Placed Letter O
54%
Correctly Placed Letter G
52%
Correctly Placed Letter G
52%
Correctly Placed Letter W
52%
Mystery Capital Georgetown
49%
No matching quizzes found
Score Distribution
Percent of People with Each Score
Percentile by Number Answered
Your Score History
You have not taken this quiz